<?xml version="1.0" encoding="UTF-8"?><?xml-stylesheet type="text/xsl" href="static/style.xsl"?><OAI-PMH xmlns="http://www.openarchives.org/OAI/2.0/" xmlns:xsi="http://www.w3.org/2001/XMLSchema-instance" xsi:schemaLocation="http://www.openarchives.org/OAI/2.0/ http://www.openarchives.org/OAI/2.0/OAI-PMH.xsd"><responseDate>2026-04-17T20:21:45Z</responseDate><request verb="GetRecord" identifier="oai:www.recercat.cat:20.500.14342/2283" metadataPrefix="marc">https://recercat.cat/oai/request</request><GetRecord><record><header><identifier>oai:recercat.cat:20.500.14342/2283</identifier><datestamp>2025-03-11T20:23:45Z</datestamp><setSpec>com_2072_482405</setSpec><setSpec>com_2072_183628</setSpec><setSpec>col_2072_482411</setSpec></header><metadata><record xmlns="http://www.loc.gov/MARC21/slim" xmlns:dcterms="http://purl.org/dc/terms/" xmlns:xsi="http://www.w3.org/2001/XMLSchema-instance" xmlns:doc="http://www.lyncode.com/xoai" xsi:schemaLocation="http://www.loc.gov/MARC21/slim http://www.loc.gov/standards/marcxml/schema/MARC21slim.xsd">
   <leader>00925njm 22002777a 4500</leader>
   <datafield ind2=" " ind1=" " tag="042">
      <subfield code="a">dc</subfield>
   </datafield>
   <datafield ind2=" " ind1=" " tag="720">
      <subfield code="a">Simón Llovet, Jordi</subfield>
      <subfield code="e">author</subfield>
   </datafield>
   <datafield ind2=" " ind1=" " tag="720">
      <subfield code="a">Pérez Testor, Carles</subfield>
      <subfield code="e">author</subfield>
   </datafield>
   <datafield ind2=" " ind1=" " tag="720">
      <subfield code="a">Alomar Kurz, Elisabeth</subfield>
      <subfield code="e">author</subfield>
   </datafield>
   <datafield ind2=" " ind1=" " tag="720">
      <subfield code="a">Danioni, Francesca</subfield>
      <subfield code="e">author</subfield>
   </datafield>
   <datafield ind2=" " ind1=" " tag="720">
      <subfield code="a">Iriarte, Leire</subfield>
      <subfield code="e">author</subfield>
   </datafield>
   <datafield ind2=" " ind1=" " tag="720">
      <subfield code="a">Cormenzana, Susana</subfield>
      <subfield code="e">author</subfield>
   </datafield>
   <datafield ind2=" " ind1=" " tag="720">
      <subfield code="a">Martínez, Ana</subfield>
      <subfield code="e">author</subfield>
   </datafield>
   <datafield ind2=" " ind1=" " tag="260">
      <subfield code="c">2017-06-15</subfield>
   </datafield>
   <datafield ind2=" " ind1=" " tag="520">
      <subfield code="a">This paper contains a bibliographic and a bibliometric review of the Portrait Values Questionnaire
(PVQ), the instrument proposed by Schwartz to assess human values. Schwartz’s theory of human values is one
of the most popular of its kind in the social sciences. To set out the framework of the PVQ, we shall briefly present
the underlying theory, followed by a discussion of the different instruments developed by Schwartz to assess human
values. Finally, we have performed a detailed review to analyse how the PVQ has been used in the scholarly literature.
A total of 58 articles were reviewed to obtain a picture of how the scientific community uses this instrument
and to explore the variables most commonly related to human values. Several conclusions are briefly discussed.</subfield>
   </datafield>
   <datafield ind2=" " ind1=" " tag="520">
      <subfield code="a">El Portrait Values Questionari (PVQ), és l’instrument proposat per Schwartz per avaluar els valors personals.
La teoria dels valors personals de Schwartz és una dels més difoses en estudis sobre valors en les ciències
socials. En aquest article es presenta una revisió bibliogràfica i bibliomètrica del Portrait Values Questionnaire
(PVQ). En primer lloc presentem breument la teoria i els diferents instruments desenvolupats per Schwartz per
avaluar els valors personals. Seguidament s’exposa la revisió descriptiva d’un total de 58 articles que ens ha permès
analitzar com el PVQ s’ha utilitzat en la literatura acadèmica. Els resultats de la recerca ens permeten obtenir una
imatge de com la comunitat científica utilitza aquest instrument i per explorar les variables més comunament
relacionats amb els valors personals. Al final de l’article es discuteixen i presenten diferents conclusions com per
exemple la transversalitat de l’ús d’aquest instrument.</subfield>
   </datafield>
   <datafield ind1="8" ind2=" " tag="024">
      <subfield code="a">http://hdl.handle.net/20.500.14342/2283</subfield>
   </datafield>
   <datafield tag="653" ind2=" " ind1=" ">
      <subfield code="a">Portrait Values Questionnaire</subfield>
   </datafield>
   <datafield tag="653" ind2=" " ind1=" ">
      <subfield code="a">Schwartz, Shalom</subfield>
   </datafield>
   <datafield tag="653" ind2=" " ind1=" ">
      <subfield code="a">Teoria dels valors personals</subfield>
   </datafield>
   <datafield tag="653" ind2=" " ind1=" ">
      <subfield code="a">Bibliometria</subfield>
   </datafield>
   <datafield ind2="0" ind1="0" tag="245">
      <subfield code="a">The Portrait Values Questionnaire: A bibliographic and bibliometric review of the instrument</subfield>
   </datafield>
</record></metadata></record></GetRecord></OAI-PMH>